[Event "Remote 4 Seasons Autumn email"]
[White "Scherer, Andreas"]
[Black "Koestner, Wolfgang"]
[Site "Remote email"]
[Round "?"]
[Result "1-0"]
[Date "2012.11.01"]
[WhiteElo "2491"]
[BlackElo "2375"]
[PlyCount "75"]
[EventDate "2012.??.??"]
[EventType "tourn (corr)"]
[EventRounds "12"]
[EventCountry "GER"]
[SourceTitle "Corr 2015"]
[Source "ChessBase"]
[SourceDate "2015.07.17"]
[SourceVersion "1"]
[SourceVersionDate "2015.07.17"]
[SourceQuality "1"]

1. e4 d5 2. exd5 Qxd5 3. Nc3 Qd6 4. d4 Nf6 5. Nf3 a6 6. Bd3 Nc6 7. 0-0 g6 8. Ne2 Bf5 9. Bxf5 gxf5 10. c4 e6 11. Bf4 Qd7 12. Qb3 0-0-0 13. Rfd1 Rg8 14. Rac1 Ne4 15. d5 Na5 16. Qc2 Bc5 17. Ned4 Qe8 18. a3 Rg4 19. Be3 Nd6 20. g3 Re4 21. b3 b6 22. Bd2 Bxd4 23. Bxa5 Bc5 24. Be1 Nb7 25. b4 Bf8 26. Ng5 Rg4 27. Nxh7 Bg7 28. f4 Rg6 29. c5 bxc5 30. bxc5 Rxd5 31. c6 Nd6 32. Qa4 Kd8 33. Qxa6 Bb2 34. Qa8+ Ke7 35. Qa7 Qd8 36. Rb1 Rb5 37. Bb4 Bg7 38. Kg2 1-0